1990 1337 1486 1832 1139 1218 1913 1436 1905 1561 1858 1629 1144 1072 1576 1688 1219 1677 1648 1179 1576 1012 1567 1938 1212 1883 1133 1457 1471 1423 1883 1611 1135 1807 1797 1570 1383 1861 1030 1420 1298 1313 1814 1708 1299 1330 1242 1283 1229 1160 1075 1398 1312 1408 1058 1586 1130 1787 1669 1228 1626 1150 1500 1245 1524 1755 1135 1057 1412 1791 1293 1826 1276 1368 1107 1915 1156 1602 1498 1386 1253 1622 1294 1837 1144 1176 1003 1863 1615 1225 1828 1456 1204 1640 1906 1725 1166 1548 1025 BCNSPRNW ULIB Ver.6.0+V

เปลี่ยนเป็นภาษาไทย

Change to English
 แสดงรายละเอียดบรรณานุกรม
  กลับหน้าหลัก

Brief Record : Get Marc (ISO 2709) : E-mail record : QR code < ปิดหน้าต่าง
LEADER : 00000nam 2200000uu 4500
001    13399112565
003     ULIB
008    110825s2543||||th 000 0 tha d
020    9748577732
050 04 HQ769^bก864ฉ 2543
100 0  เกียรติวรรณ อมาตยกุล
245 10 ฉลาด เก่ง ดี และมีความสุข /^cเกียรติวรรณ อมาตยกุล
250    พิมพ์ครั้งที่ 1
260    กรุงเทพฯ :^bที.พี.พริ้นท์,^c2543
300    37 หน้า :^bภาพประกอบ ;^c21 ซม
650  7 การสอน
650  7 การศึกษาแบบนีโอฮิวแมนนิส
945    ^p40^l0^i013728
945    ^p40^l0^i013729
945    ^p40^l0^i013730
995    ทศพร
999 ^a ใช้งานได้ทุกระบบ
รายการนี้ยังไม่มีแท็ก
คุณยังไม่ได้ล็อกอิน คุณสามารถมีกิจกรรมร่วมกับเว็บไซต์ได้ แต่ต้องล็อกอินก่อน ::
  ล็อกอิน

รายการสื่อสารสนเทศ

ลำดับที่ ประเภท เลขเรียก/บาร์โค้ด สถานที่ สถานะ
- ไม่พบข้อมูล -

รายการใกล้เคียง
    ผู้แต่ง [เกียรติวรรณ อมาตยกุล]

    หัวเรื่อง [การสอน]

BibComment


ยังไม่เคยถูกคอมเมนท์

คอมเมนท์ทรัพยากรรายการนี้
  คอมเมนท์: ฉลาด เก่ง ดี และม..


 Copyright 2026. Bcnsprnw @Library